Adèle - Paroles Turning Tables - Statistiques

Statistiques générales
  • Ce quiz a été pris 20 fois
  • Le résultat moyen est 194 sur 250
Statistiques - réponses
Hint Réponse % Correct
I
100%
me
100%
No,
100%
no
100%
no,
100%
tables
100%
tables,
100%
Turn
100%
turning
100%
Turning
100%
you
100%
you,
100%
your
100%
a
90%
can't
90%
is
90%
let
90%
oh,
90%
on
90%
ooh
90%
the
90%
to
90%
To
90%
Couplet 1 Close
80%
close
80%
enough
80%
for
80%
have
80%
keep
80%
say,
80%
say
80%
that
80%
what
80%
When
80%
Where
80%
with
80%
won't
80%
All
70%
always
70%
breathe
70%
fighting
70%
floor
70%
gave
70%
God
70%
goodbye
70%
hurt
70%
knows
70%
love
70%
my
70%
only
70%
Refrain So,
70%
start
70%
Under
70%
up
70%
war
70%
we're
70%
be
60%
give
60%
I'll
60%
never
60%
Bridge Next
60%
own
60%
see
60%
time
60%
As
50%
as
50%
feet
50%
hard
50%
It's
50%
just
50%
leave
50%
more
50%
rescue
50%
two
50%
braver
40%
calls
40%
desert
40%
lost
40%
saviour
40%
Standing
40%
think
40%
thunder
40%
will
40%
down
30%
found
30%
ghost
30%
hundred
30%
knocked
30%
skies
30%
storms
30%
thumb
30%
yeah
30%
braved
20%
haunted
20%
try,
20%
Aucun quiz correspondant
Distribution des résultats
% des personnes avec chaque résultat
Percentile par nombre de réponses
Votre historique - résultats
Vous n’avez pas pris ce quiz